Đang tải...
Rural sociology for extension personnel
| Tác giả chính: | |
|---|---|
| Tác giả khác: | |
| Định dạng: | Printed Book |
| Được phát hành: |
Udaipur
Agrotech publishing academy
2012
|
| Phiên bản: | 1, |
| LEADER | 00515nam a22001577a 4500 | ||
|---|---|---|---|
| 003 | OSt | ||
| 082 | |a 307.72 |b VAN/RU | ||
| 100 | |a Vandana Mathur | ||
| 245 | |a Rural sociology for extension personnel | ||
| 250 | |a 1, | ||
| 260 | |a Udaipur |b Agrotech publishing academy |c 2012 | ||
| 300 | |a 240p. | ||
| 700 | |a Somani L L |a Acharya S K | ||
| 942 | |2 ddc |c BK | ||
| 999 | |c 190895 |d 190895 | ||
| 952 | |0 0 |1 0 |2 ddc |4 0 |6 307_720000000000000_VAN_RU |7 0 |8 NFIC |9 197177 |a KAUCBV |b KAUCBV |c CHILD |d 2017-12-20 |g 600.00 |o 307.72 VAN/RU |r 2017-12-20 |w 2017-12-20 |y BK | ||